| 000 | 00849nam a22001815i 4500 | ||
|---|---|---|---|
| 001 | 54552 | ||
| 003 | ES-MaACL | ||
| 005 | 20230906162956.0 | ||
| 007 | t| | ||
| 008 | 960628s1870 sp ||||1| spa d | ||
| 040 |
_aCAM _bspa _cCAM |
||
| 100 | 1 |
_aFrauca e Ibarra, Angel. _952391 |
|
| 245 | 1 | 0 |
_aDiscurso leído en la Universidad Central _b: en el acto ... de recibir la investidura de doctor en la facultad de Medicina / _cpor Angel Frauca é Ibarra. |
| 260 |
_aMadrid : _b[s.n.], _c1870 ( _finprenta de José M. Ducazcal) |
||
| 300 |
_a34 p. ; _c26 cm. |
||
| 500 | _aTema: En el estado actual de la ciencia ¿debemos admitir el grupo de las afecciones cutáneas fito-parasitarias? | ||
| 852 |
_aES-MaACL _jT-667-F-8 _z.- Dedicatoria autógrafa Gustavao Saenz Diez a la "Biblioteca de los Escolares Médicos" _z.- Sello de: "Los Escolares Médicos" |
||
| 999 |
_c54552 _d54552 |
||